Fundamentos de física estadistica y térmica /

Guardado en:
Autor Principal: Reif, F 1927-
Otros Autores: Bescós Belarra, José, (Traductor, tr.), Rubia Pacheco, Juan de la, 1928-, (Traductor, tr.)
Formato: Libro
Idioma:Spanish
English
Publicado: New York : McGraw-Hill, c1968.
Materias:
Etiquetas: Agregar Etiqueta
Sin Etiquetas, Sea el primero en etiquetar este registro!
LEADER 00929nam a22002415a 4500
001 EIQ.libpla000435
008 060120s1968####nyua#####b####001#0#spa#d
005 20060516170028.0
245 1 0 |a Fundamentos de física estadistica y térmica /  |c F. Reif ; traducción y adaptación José Bescós Belarra, Juan De la Rubia Pacheco. 
260 |a New York :  |b McGraw-Hill,  |c c1968. 
300 |a 645 :  |b il. ;  |c 23 cm. 
504 |a Bibliografía: p. 629-632. 
500 |a Incluye índice. 
100 1 |a Reif, F  |q (Frederick),  |d 1927- 
700 1 |a Bescós Belarra, José,  |e tr.  |4 trl 
700 1 |a Rubia Pacheco, Juan de la,  |d 1928-,  |e tr.  |4 trl 
650 4 |a Mecánica estadistica  |x Teoría. 
650 4 |a Termodinámica estadistica  |x Teoría. 
650 4 |a Statistical mechanics  |x Theory. 
650 4 |a Statistical thermodynamics  |x Theory. 
040 |a AR-BbSID  |b spa  |c AR-BbSID 
041 1 |a spa  |h eng 
859 |a AR-BbSID  |b BIB. PLAPIQUI  |h 536.1  |i R 272  |p 315